| 000 | 00344nam a2200145Ia 4500 | ||
|---|---|---|---|
| 008 | 230917s9999||||xx |||||||||||||| ||und|| | ||
| 040 |
_e176067 _aMAIN |
||
| 041 | _aEnglish | ||
| 082 | _a709.54 R212B | ||
| 100 | _aRay,N R | ||
| 245 | 0 | _aBharatiya kala ka adhyayan | |
| 260 |
_aNew Delhi _bMacmillan _c1978 |
||
| 300 | _a232 p. | ||
| 942 | _cHN | ||
| 999 |
_c205155 _d205155 |
||